“Mercados tradicionales” en los procesos de gentrificación/recualificación Consensos, disputas y conflictos (Record no. 187347)

MARC details
000 -CABECERA
campo de control de longitud fija 01434nab a2200289 a 4500
005 - FECHA Y HORA DE LA ÚLTIMA TRANSACCIÓN
campo de control 20210219163041.0
008 - ELEMENTOS DE LONGITUD FIJA--INFORMACIÓN GENERAL
campo de control de longitud fija 991125s1985 mx 000 0 spa u
035 ## - NÚMERO DE CONTROL DEL SISTEMA
Número de control de sistema UPN01000215247
049 ## - COLECCIÓN
Colección ART
100 1# - ASIENTO PRINCIPAL--NOMBRE PERSONAL
Nombre de persona Lacarrieu, Mónica Beatriz
100 1# - ASIENTO PRINCIPAL--NOMBRE PERSONAL
Filiación monica.lacarrieu@gmail.com
222 #0 - TÍTULO CLAVE
Título clave ALTERIDADES
245 00 - MENCIÓN DE TÍTULO
Título “Mercados tradicionales” en los procesos de gentrificación/recualificación Consensos, disputas y conflictos
260 ## - PUBLICACIÓN, DISTRIBUCIÓN, ETC.
Lugar de publicación, distribución, etc. México
300 ## - DESCRIPCIÓN FÍSICA
Extensión 29-41
362 0# - FECHAS DE PUBLICACIÓN Y/O DESIGNACIÓN SECUENCIAL
Fecha de publicación y/o designación secuencial 2016 Volumen 26, número 51, enero-junio
520 3# - NOTA DE RESUMEN, ETC.
Sumario, etc. Este artículo problematiza el tema de los “mercados tradicionales” en las ciudades latinoamericanas, recientemente calificados en declive y/o patrimonializados por su contenido (alimentos locales) o contenedor (edificios). También analiza el vínculo entre los procesos de gentrificación/recualificación y el rol de los mercados en relación con ellos. Aquí, los sujetos y grupos sociales locales y localizados, aparentemente afectados, negocian y disputan esos procesos de recualificación pública y/o privada
653 0# - TERMINO DE INDIZACION - NO CONTROLADO
Término no controlado RECUALIFICACION
653 0# - TERMINO DE INDIZACION - NO CONTROLADO
Término no controlado DECUALIFICACION
653 0# - TERMINO DE INDIZACION - NO CONTROLADO
Término no controlado MERCADOS
653 0# - TERMINO DE INDIZACION - NO CONTROLADO
Término no controlado ESPACIOS PUBLICOS URBANOS
653 0# - TERMINO DE INDIZACION - NO CONTROLADO
Término no controlado TIANGUEZ
653 0# - TERMINO DE INDIZACION - NO CONTROLADO
Término no controlado AMERICA LATINA
856 4# - LOCALIZACIÓN Y ACCESO ELECTRÓNICOS
Identificador Uniforme del Recurso <a href="http://www.redalyc.org/articulo.oa?id=74747921003">http://www.redalyc.org/articulo.oa?id=74747921003</a>
856 4# - LOCALIZACIÓN Y ACCESO ELECTRÓNICOS
Identificador Uniforme del Recurso <a href="http://alteridades.izt.uam.mx/index.php/Alte/article/view/867/778">http://alteridades.izt.uam.mx/index.php/Alte/article/view/867/778</a>
905 ## - TIPO DE MATERIAL
Tipo de material Articulo

No items available.